Sociology for nurses

Saved in:
Bibliografiske detaljer
Hovedforfatter: SINGH, R.S
Format: Bog
Sprog:engelsk
Udgivet: Book Shores 2019
Tags: Tilføj Tag
Ingen Tags, Vær først til at tagge denne postø!

MARC

LEADER 00000nam a22000007a 4500
008 240315b |||||||| |||| 00| 0 eng d
020 |a 9789386807342 
100 |a SINGH, R.S 
245 |a Sociology for nurses  |c R.S Singh  |g vi,272p. 
260 |b Book Shores  |c 2019  |h New Delhi  |i 701110  |i 701111  |l RT86.5.si6  |m Sociology, medical- Nurses' instruction 
500 |a It includes references and index 
942 |a lcc  |c BK  |e Adeyemo Oladapo  |f 15/03/2024 
952 |0 0  |1 0  |2 lcc  |4 0  |6 RT00865 S I6  |7 0  |9 4982  |a HE  |b HOL  |c QZ  |d 2024-03-15  |l 0  |o RT86.5.si6  |p 2024-0233  |r 2024-03-15 00:00:00  |t 701110  |w 2024-03-15  |y BK 
952 |0 0  |1 0  |2 lcc  |4 0  |6 RT00865 S I6  |7 0  |9 4983  |a HOL  |b HOL  |c QZ  |d 2024-03-15  |l 0  |o RT86.5.si6  |p 2024-0234  |r 2024-03-15 00:00:00  |t 701111  |w 2024-03-15  |y BK 
999 |c 2473  |d 2473